书目信息 |
| 题名: |
配电网综合自动化技术
|
|
| 作者: | 龚静 主编 | |
| 分册: | ||
| 出版信息: | 北京 机械工业出版社 2008.01 |
|
| 页数: | 367页 | |
| 开本: | 26cm | |
| 丛书名: | ||
| 单 册: | ||
| 中图分类: | TM727 | |
| 科图分类: | ||
| 主题词: | 配电系统--pei dian xi tong--自动化技术 | |
| 电子资源: | ||
| ISBN: | 978-7-111-24161-4 | |
| 000 | 00825nam0 2200241 450 | |
| 001 | 012009601109 | |
| 005 | 20090916151047.93 | |
| 010 | @a978-7-111-24161-4@dCNY47.00 | |
| 100 | @a20090916d2008 em y0chiy0120 ea | |
| 101 | 0 | @achi |
| 102 | @aCN@b110000 | |
| 105 | @aa a 000yy | |
| 106 | @ar | |
| 200 | 1 | @a配电网综合自动化技术@Apei dian wang zong he zi dong hua ji shu@f龚静主编@Fgong jing zhu bian |
| 210 | @a北京@c机械工业出版社@d2008.01 | |
| 215 | @a367页@c图@d26cm | |
| 320 | @a有书目 | |
| 330 | @a本书在介绍配电自动化的一些基本概念的基础上,首先介绍了配电终端FTU、TTU、DTU、RTU等,然后介绍通信系统,最后介绍配电自动化主站系统。 | |
| 606 | 0 | @a配电系统@Apei dian xi tong@x自动化技术 |
| 690 | @aTM727@v4 | |
| 701 | 0 | @a龚静@Agong jing@4主编 |
| 801 | 0 | @aCN@bQSSK@c20090916 |
| 905 | @b751540-42@dTM727@eG383@f3 | |
| 配电网综合自动化技术/龚静主编.-北京:机械工业出版社,2008.01 |
| 367页:图;26cm |
| ISBN 978-7-111-24161-4:CNY47.00 |
| 本书在介绍配电自动化的一些基本概念的基础上,首先介绍了配电终端FTU、TTU、DTU、RTU等,然后介绍通信系统,最后介绍配电自动化主站系统。 |
| ● |
| 相关链接 |
|
|
|
正题名:配电网综合自动化技术
索取号:TM727/G383
 
预约/预借
| 序号 | 登录号 | 条形码 | 馆藏地/架位号 | 状态 | 备注 |
| 1 | 751540 | 207515401 | 自科库301/301自科库 31排4列2层/ [索取号:TM727/G383] | 在馆 | |
| 2 | 751541 | 207515410 | 自科二线404/404自科库 22排5列5层/ [索取号:TM727/G383] | 在馆 | |
| 3 | 751542 | 207515429 | 自科二线400A/400A自科库 7排1列5层/ [索取号:TM727/G383] | 在馆 |